[Event "Online Olym Div2 A"]
[Site "Chess.com INT"]
[Date "2021.09.04"]
[Round "7.1"]
[White "Liu, Yang Hazel"]
[Black "Chen, Chi"]
[Result "1-0"]
[WhiteElo "2046"]
[BlackElo "1588"]
[PlyCount "61"]
[EventDate "2021.09.02"]
[EventType "team (rapid)"]
[EventRounds "9"]
[EventCountry "USA"]
[SourceTitle "CBM 204 Extra"]
[Source "ChessBase"]
[SourceDate "2021.11.30"]
[SourceVersion "1"]
[SourceVersionDate "2021.11.30"]
[SourceQuality "1"]
[WhiteTeam "Singapore"]
[BlackTeam "Taiwan"]
[WhiteTeamCountry "SIN"]
[BlackTeamCountry "TPE"]

1. d4 e6 2. Bf4 Nf6 3. Nc3 Bb4 4. Qd3 Nd5 5. Bd2 Nxc3 6. bxc3 Be7 7. e4 b6 8. Qg3 g6 9. Nf3 d6 10. Bd3 Nd7 11. 0-0 Bf6 12. e5 dxe5 13. dxe5 Be7 14. Be4 Rb8 15. Bh6 Bb7 16. Bxb7 Rxb7 17. Nd4 c5 18. Nc6 Qc7 19. Nxe7 Kxe7 20. Qg5+ Ke8 21. Rfe1 Nb8 22. Bg7 Rg8 23. Qh6 Kd7 24. Red1+ Kc6 25. Rd6+ Kb5 26. c4+ Kxc4 27. Qe3 Kb5 28. Qb3+ Ka5 29. Qa3+ Kb5 30. Rb1+ Kc4 31. Qd3# 1-0

[Event "Online Olym Div2 A"]
[Site "Chess.com INT"]
[Date "2021.09.03"]
[Round "5.1"]
[White "Mouradian, Knarik Jacob"]
[Black "Chen, Chi"]
[Result "1-0"]
[WhiteElo "2121"]
[BlackElo "1588"]
[PlyCount "117"]
[EventDate "2021.09.02"]
[EventType "team (rapid)"]
[EventRounds "9"]
[EventCountry "USA"]
[SourceTitle "CBM 204 Extra"]
[Source "ChessBase"]
[SourceDate "2021.11.30"]
[SourceVersion "1"]
[SourceVersionDate "2021.11.30"]
[SourceQuality "1"]
[WhiteTeam "Lebanon"]
[BlackTeam "Taiwan"]
[WhiteTeamCountry "LBN"]
[BlackTeamCountry "TPE"]

1. e4 e6 2. d3 d5 3. Nd2 Nf6 4. Ngf3 dxe4 5. dxe4 Bc5 6. Bc4 0-0 7. 0-0 Nc6 8. c3 b6 9. Bb3 Bb7 10. Qe2 Re8 11. e5 Nd5 12. Ne4 Be7 13. Rd1 Qc8 14. a3 Na5 15. Bc2 Ba6 16. Qe1 Bf8 17. Neg5 g6 18. Qe4 h6 19. Nxf7 Ne7 20. Nxh6+ Bxh6 21. Bxh6 Nf5 22. Qf4 Re7 23. Bxf5 exf5 24. Qg5 Qe6 25. Nd4 Qf7 26. e6 Qh7 27. Nxf5 Rxe6 28. Rd8+ Rxd8 29. Qxd8+ Kf7 30. Qd7+ Kg8 31. Qxe6+ Qf7 32. Qxf7+ Kxf7 33. Ne3 Nb3 34. Rd1 Bb5 35. Bf4 c6 36. Rd7+ Ke6 37. Rxa7 Nc5 38. Bg3 Nd3 39. c4 Ba4 40. Rxa4 Nxb2 41. Ra6 Kd7 42. Rxb6 Nd3 43. Rb7+ Ke6 44. Rc7 Nb2 45. Rxc6+ Kf7 46. Nd5 Nd3 47. Rc7+ Ke6 48. Re7+ Kf5 49. Re3 g5 50. a4 g4 51. a5 Nc5 52. Nb4 Nb7 53. a6 Nd8 54. a7 Nf7 55. a8Q Kg5 56. Qe8 Nh6 57. Re5+ Kf6 58. Qe7+ Kg6 59. Rg5# 1-0

[Event "Online Olym Div2 A"]
[Site "Chess.com INT"]
[Date "2021.09.02"]
[Round "2.1"]
[White "Chen, Chi"]
[Black "Kanyamarala, Trisha"]
[Result "0-1"]
[WhiteElo "1588"]
[BlackElo "2093"]
[PlyCount "114"]
[EventDate "2021.09.02"]
[EventType "team (rapid)"]
[EventRounds "9"]
[EventCountry "USA"]
[SourceTitle "CBM 204 Extra"]
[Source "ChessBase"]
[SourceDate "2021.11.30"]
[SourceVersion "1"]
[SourceVersionDate "2021.11.30"]
[SourceQuality "1"]
[WhiteTeam "Taiwan"]
[BlackTeam "Ireland"]
[WhiteTeamCountry "TPE"]
[BlackTeamCountry "IRL"]

1. d4 Nf6 2. Nf3 e6 3. c4 d5 4. Nc3 Bb4 5. Qb3 Bxc3+ 6. Qxc3 h6 7. Qa3 Qe7 8. Qxe7+ Kxe7 9. Bf4 c6 10. cxd5 exd5 11. h3 Be6 12. e3 Nbd7 13. b4 Ne4 14. Bd3 Nd6 15. 0-0 a5 16. a3 axb4 17. axb4 Nb6 18. Nd2 g5 19. Bg3 f5 20. Be5 Rhg8 21. Nb3 Nbc4 22. Bh2 b6 23. Rfc1 h5 24. Be2 h4 25. Rxa8 Rxa8 26. Ra1 Rxa1+ 27. Nxa1 Ne4 28. Nc2 g4 29. hxg4 fxg4 30. Bc7 b5 31. Ne1 Nc3 32. Bd3 Na2 33. Nc2 Nc1 34. Bf1 Bf5 35. Ne1 Na2 36. Bf4 Nxb4 37. Bg5+ Kd7 38. Bxh4 Na2 39. Bg5 b4 40. Bd3 Bxd3 41. Nxd3 Ke8 42. Nc5 Nd2 43. Kh2 b3 44. Nd3 Nc4 45. Kg3 Nb4 46. Nxb4 b2 47. Nxc6 b1Q 48. Kxg4 Qe4+ 49. Bf4 Qg6+ 50. Kf3 Qxc6 51. g4 Nd2+ 52. Kg3 Ne4+ 53. Kh4 Nxf2 54. g5 Qe6 55. Kh5 Kf7 56. g6+ Qxg6+ 57. Kh4 Qg4# 0-1

[Event "Online Olym Div3 A"]
[Site "Chess.com INT"]
[Date "2021.08.29"]
[Round "9.3"]
[White "Sakai, Azumi"]
[Black "Chen, Chi"]
[Result "0-1"]
[WhiteElo "1731"]
[BlackElo "1588"]
[PlyCount "128"]
[EventDate "2021.08.27"]
[EventType "team-tourn (rapid)"]
[EventRounds "9"]
[EventCountry "USA"]
[SourceTitle "CBM 204 Extra"]
[Source "ChessBase"]
[SourceDate "2021.11.30"]
[SourceVersion "1"]
[SourceVersionDate "2021.11.30"]
[SourceQuality "1"]
[WhiteTeam "Japan"]
[BlackTeam "Taiwan"]
[WhiteTeamCountry "JPN"]
[BlackTeamCountry "TPE"]

1. d4 e6 2. c4 Nf6 3. Nf3 Bb4+ 4. Bd2 Bxd2+ 5. Qxd2 0-0 6. Nc3 b6 7. e4 d6 8. Bd3 Nbd7 9. 0-0 e5 10. d5 Re8 11. Qc2 Nf8 12. b4 a5 13. a3 Bd7 14. Ne2 Ng6 15. c5 axb4 16. axb4 bxc5 17. bxc5 Bg4 18. Nd2 Bxe2 19. Bxe2 Nf4 20. Bb5 Rxa1 21. Rxa1 Rf8 22. Nc4 Qc8 23. Ne3 Qb8 24. Bc6 Qb4 25. cxd6 cxd6 26. Nc4 Rb8 27. g3 Nh3+ 28. Kg2 Ng5 29. f3 h6 30. h4 Ngh7 31. Ra8 Rxa8 32. Bxa8 Qe1 33. Nxd6 Nf8 34. Nc4 Nh5 35. Qf2 Qc3 36. Nd6 Qa3 37. Nc4 Qxa8 38. Nxe5 Qe8 39. Nc6 Qd7 40. Qc5 Ng6 41. Qb6 Kh7 42. Nd4 Qe7 43. Nf5 Qe5 44. d6 Qc3 45. Qf2 Qd3 46. g4 Nhf4+ 47. Kg3 Ne6 48. Qb2 Ngf8 49. e5 Qd5 50. Qe2 g6 51. Ne7 Qd4 52. h5 Qf4+ 53. Kg2 Qg5 54. hxg6+ fxg6 55. Qe4 Qd2+ 56. Kg3 Qd1 57. Nc6 Ng5 58. Qf4 Qg1+ 59. Kh4 Qh1+ 60. Kg3 Qg1+ 61. Kh4 Qh1+ 62. Kg3 Nfe6 63. Qf6 Qg1+ 64. Kh4 Qh2# 0-1

[Event "Online Olym Div3 B"]
[Site "Chess.com INT"]
[Date "2020.08.09"]
[Round "8.4"]
[White "Chen, Chi"]
[Black "Besa, Masaiti"]
[Result "1-0"]
[WhiteElo "1588"]
[BlackElo "1768"]
[PlyCount "55"]
[EventDate "2020.08.07"]
[EventType "team-tourn (rapid)"]
[EventRounds "9"]
[EventCountry "USA"]
[SourceTitle "CBM 198"]
[Source "ChessBase"]
[SourceDate "2020.10.31"]
[SourceVersion "1"]
[SourceVersionDate "2020.10.31"]
[SourceQuality "1"]
[WhiteTeam "Taiwan"]
[BlackTeam "Botswana"]
[WhiteTeamCountry "TPE"]
[BlackTeamCountry "BOT"]

1. d4 Nf6 2. Nf3 d5 3. c4 g6 4. Nc3 Bg7 5. Bf4 c6 6. cxd5 Nxd5 7. Nxd5 Qxd5 8. e3 Bg4 9. Be2 Nd7 10. 0-0 0-0 11. h3 Bf5 12. a3 c5 13. Rc1 cxd4 14. Nxd4 Rac8 15. Bf3 Be4 16. Bxe4 Qxe4 17. Ne2 Nb6 18. Qb3 Rfd8 19. Bc7 Rd2 20. Nc3 Bxc3 21. Rxc3 Nd5 22. Rc4 Qe6 23. Ba5 Rxc4 24. Qxc4 Rxb2 25. Rd1 Nb6 26. Rd8+ Kg7 27. Bc3+ Kh6 28. Qh4# 1-0

[Event "Online Olym Div3 B"]
[Site "Chess.com INT"]
[Date "2020.08.08"]
[Round "6.3"]
[White "Chen, Chi"]
[Black "Jennitha, Anto K"]
[Result "0-1"]
[WhiteElo "1588"]
[BlackElo "2001"]
[PlyCount "78"]
[EventDate "2020.08.07"]
[EventType "team-tourn (rapid)"]
[EventRounds "9"]
[EventCountry "USA"]
[SourceTitle "CBM 198"]
[Source "ChessBase"]
[SourceDate "2020.10.31"]
[SourceVersion "1"]
[SourceVersionDate "2020.10.31"]
[SourceQuality "1"]
[WhiteTeam "Taiwan"]
[BlackTeam "IPCA"]
[WhiteTeamCountry "TPE"]

1. d4 d5 2. Nf3 c6 3. c4 Nf6 4. cxd5 cxd5 5. Nc3 e6 6. Bg5 Be7 7. e3 0-0 8. Bd3 Nbd7 9. 0-0 h6 10. Bh4 a6 11. Rc1 b5 12. a3 Bb7 13. b4 Rc8 14. h3 Nb6 15. Nd2 Nc4 16. Ncb1 Qd7 17. Nb3 Nb2 18. Qd2 Nxd3 19. Qxd3 Ne4 20. Bxe7 Qxe7 21. Nc5 Nxc5 22. bxc5 e5 23. Rfe1 e4 24. Qd2 f5 25. Qa2 Bc6 26. Nc3 Qf7 27. Ne2 g5 28. Qd2 Qc7 29. g3 Rf7 30. Kg2 Rg7 31. Rh1 Rf8 32. h4 f4 33. Kg1 f3 34. Nc3 gxh4 35. Rxh4 Rxg3+ 36. Kf1 Rg1+ 37. Kxg1 Qg7+ 38. Kf1 Qg2+ 39. Ke1 Qg1# 0-1

[Event "Hong Kong Jolimark op"]
[Site "Hong Kong"]
[Date "2018.12.26"]
[Round "8"]
[White "Chen, Chi"]
[Black "Wong, Shyun Fwu Aldrin"]
[Result "0-1"]
[WhiteElo "1487"]
[BlackElo "1643"]
[PlyCount "118"]
[EventDate "2018.12.22"]
[EventType "swiss"]
[EventRounds "9"]
[EventCountry "HKG"]
[SourceTitle "CBM 188 Extra"]
[Source "ChessBase"]
[SourceDate "2019.02.26"]
[SourceVersion "1"]
[SourceVersionDate "2019.02.26"]
[SourceQuality "1"]

1. d4 Nf6 2. Nf3 g6 3. c4 Bg7 4. Nc3 0-0 5. e4 d6 6. Bd3 e5 7. d5 a5 8. 0-0 Na6 9. h3 h6 10. Be3 Nd7 11. Qd2 Kh7 12. Rac1 Ndc5 13. Bb1 f5 14. exf5 Bxf5 15. Bxf5 gxf5 16. g3 Qf6 17. Ne2 b6 18. Rb1 Ne4 19. Qc1 Nac5 20. Rd1 a4 21. Ne1 a3 22. b3 Kg8 23. Nd3 Nxd3 24. Rxd3 f4 25. gxf4 Qg6+ 26. Kh2 Ng3 27. Rd2 Nxe2 28. Rxe2 exf4 29. f3 Qg3+ 30. Kh1 Qxf3+ 31. Rg2 fxe3 32. Qc2 Rf4 33. Qe2 Qxe2 34. Rxe2 Re8 35. Kg2 Kf7 36. Rf1 Rxf1 37. Kxf1 Bf6 38. Ke1 Bh4+ 39. Kd1 Bf2 40. Kc2 Rg8 41. Kc3 Rg1 42. Kb4 Rd1 43. Kxa3 Rd2 44. Rxe3 Bxe3 45. Kb4 Rxa2 46. Kb5 Ke7 47. Kc6 Kd8 48. b4 Rh2 49. h4 Rxh4 50. b5 Rxc4+ 51. Kb7 h5 52. Ka6 h4 53. Ka7 h3 54. Ka6 h2 55. Ka7 h1Q 56. Kb7 Qh7 57. Ka6 Qd7 58. Kb7 Qc8+ 59. Ka7 Ra4# 0-1